Hacemos tabla rasa del pasado? : a proposito de la historia y de los historiadores /

Guardado en:
Autor Principal: Chesneaux, Jean
Formato: Libro
Publicado: Buenos Aires : Siglo Xxi, 1984
Materias:
Etiquetas: Agregar Etiqueta
Sin Etiquetas, Sea el primero en etiquetar este registro!
LEADER 00519nam a22001575a 4500
001 EHU.bham011896
003 AR-BHAM
005 20100218193407.0
008 130507s1984##################000#0#####d
082 9 0 |a 900.1 
100 1 |a Chesneaux, Jean 
245 1 0 |a Hacemos tabla rasa del pasado? :  |b a proposito de la historia y de los historiadores /  |c Jean Chesneaux 
260 |a Buenos Aires :  |b Siglo Xxi,  |c 1984 
300 |a 219 p. 
653 |a Historia-filosofia de la 
859 |a AR-BHAM  |b BIB. HUMANIDADES - General  |h 900.1  |i C425  |p 690.88  |t Ej.1